[Event "Jan Timman Tournament"]
[Site "SchemingMind.com"]
[Date "2012.03.17"]
[Round "-"]
[White "l3aarrccaa,34"]
[Black "tabanli"]
[Result "1-0"]
[WhiteCountry "LIE"]
[BlackCountry "USA"]
[WhiteElo "2230"]
[WhiteRD "97"]
[BlackElo "2027"]
[BlackRD "127"]
[GameID "305640"]

1. e4 e5 2. Nf3 Nc6 3. Bb5 a6 4. Ba4 Nf6 5. O-O b5 6. Bb3 Be7 7. Re1 O-O 8. c3 d5 9. exd5 Nxd5 10. Nxe5 Nxe5
11. Rxe5 c6 12. d4 Bd6 13. Re1 Qh4 14. g3 Qh3 15. Be3 Bg4 16. Qd3 Rae8 17. Nd2 Re6 18. Qf1 Qh5 19. f3 Nxe3 20. Qf2 Nd5
21. fxg4 Qxg4 22. Qf3 Qxf3 23. Nxf3 Rfe8 24. Rxe6 Rxe6 25. c4 bxc4 26. Bxc4 a5 27. Rc1 Re8 28. Bb3 Ne7 29. Ng5 Rb8 30. Bxf7+ Kf8
31. Rf1 Nc8 32. Bd5+ Ke7 33. Rf7+
1-0

[Event "Jan Timman Tournament"]
[Site "SchemingMind.com"]
[Date "2012.03.17"]
[Round "-"]
[White "NYNH"]
[Black "tabanli"]
[Result "1/2-1/2"]
[WhiteCountry "USA"]
[BlackCountry "USA"]
[WhiteElo "2021"]
[WhiteRD "71"]
[BlackElo "2051"]
[BlackRD "98"]
[GameID "305642"]

1. d4 Nf6 2. c4 e6 3. g3 d5 4. Nf3 dxc4 5. Bg2 c5 6. O-O Nc6 7. Qa4 cxd4 8. Nxd4 Qxd4 9. Bxc6+ Bd7 10. Rd1 Qxd1+
11. Qxd1 Bxc6 12. Nd2 b5 13. a4 a6 14. axb5 axb5 15. Rxa8+ Bxa8 16. Nxc4 Bc5 17. Nd6+ Ke7 18. Nxb5 Ng4 19. e3 Ne5 20. f4 Nd7
21. b3 Rb8 22. Qe2 Bc6 23. Nd4 Bxd4 24. exd4 Rxb3 25. Qc4 Bd5 26. Ba3+ Kf6 27. Qc7 h6 28. Qxd7=
1/2-1/2

[Event "Jan Timman Tournament"]
[Site "SchemingMind.com"]
[Date "2012.03.25"]
[Round "-"]
[White "clario"]
[Black "Derek Price"]
[Result "1/2-1/2"]
[WhiteCountry "RSA"]
[BlackCountry "ENG"]
[WhiteElo "2242"]
[WhiteRD "70"]
[BlackElo "2275"]
[BlackRD "90"]
[GameID "305989"]

1. d4 Nf6 2. c4 e6 3. Nc3 Bb4 4. Qc2 O-O 5. a3 Bxc3+ 6. Qxc3 b6 7. Bg5 Bb7 8. f3 h6 9. Bh4 d5 10. e3 Nbd7
11. Nh3 c5 12. dxc5 bxc5 13. Bg3 Qb6 14. Rd1 Rfd8 15. Be2 e5 16. O-O d4 17. Qd2 a5 18. Rfe1 Re8 19. Bd3 Nh5 20. Bf2 a4
21. Qc2 Nhf6 22. Re2 Kh8 23. Bf5 g6 24. Bd3 Kg7 25. Be1 Qb3 26. Qxb3 axb3 27. Nf2 Nb6 28. Bd2 Na4 29. Bc1 Re6 30. h4 Rc8
31. Ree1 Ba6 32. g4 Nd7 33. Ne4 Ndb6 34. Nd2 Rd8 35. e4 Rb8 36. Rf1 Nc8 37. Kg2 Nd6 38. Rf2 f6 39. Kg3 Re7 40. h5 g5
41. Be2 Bc8 42. Bd3= Be6 43. Kg2 Rc7 44. Re1 Nb6 45. Nxb3 Nbxc4 46. Na1 Rcb7 47. Ree2 Na5 48. Re1 c4 49. Bf1 d3 50. Rd1 Nb5
51. Kg3 Nc6 52. Bd2 Nbd4 53. Bc3 Rd8 54. Kg2 Nb5 55. Be1 Ra7 56. Bd2 Rda8 57. Bc1 Rb7 58. Bd2 Nd6 59. Bc3 Ra6=
1/2-1/2

[Event "Jan Timman Tournament"]
[Site "SchemingMind.com"]
[Date "2012.03.25"]
[Round "-"]
[White "clario"]
[Black "Buckaroo Bob"]
[Result "1-0"]
[WhiteCountry "RSA"]
[BlackCountry "USA"]
[WhiteElo "2180"]
[WhiteRD "73"]
[BlackElo "2067"]
[BlackRD "72"]
[GameID "305990"]

1. d4 Nf6 2. c4 e6 3. Nc3 Bb4 4. Qc2 O-O 5. a3 Bxc3+ 6. Qxc3 b6 7. Bg5 c5 8. dxc5 bxc5 9. e3 Nc6 10. Bd3 Rb8
11. Nf3 h6 12. Bh4 d6 13. b3 g5 14. Bg3 e5 15. Rd1 e4 16. Bc2 exf3 17. Rxd6 fxg2 18. Rg1 Qa5 19. Qxa5 Nxa5 20. Rxf6 Rb6
21. Rxb6 axb6 22. Rxg2 f5 23. Rg1 Re8 24. h4 gxh4 25. Bc7+ Kf7 26. Bxb6 Nb7 27. Rh1 f4 28. Rxh4 fxe3 29. Rxh6
1-0

[Event "Jan Timman Tournament"]
[Site "SchemingMind.com"]
[Date "2012.03.25"]
[Round "-"]
[White "clario"]
[Black "Aadsje"]
[Result "1/2-1/2"]
[WhiteCountry "RSA"]
[BlackCountry "NED"]
[WhiteElo "2221"]
[WhiteRD "70"]
[BlackElo "2237"]
[BlackRD "63"]
[GameID "305991"]

1. d4 d5 2. c4 dxc4 3. Nf3 Bf5 4. Nc3 Nf6 5. e3 e6 6. Bxc4 Nbd7 7. O-O c6 8. Re1 Nb6 9. Bb3 Nbd5 10. Ne5 Nxc3
11. bxc3 Qc7 12. f3 Bd6 13. e4 Bg6 14. Bf4 Nd7 15. Nxg6 hxg6 16. e5 Ba3 17. Rb1 Be7 18. h3 b5 19. c4 Nb6 20. Qd3 a6
21. c5 Nc8 22. Re2 Bh4 23. Bh2 Qd7 24. a4 Be7 25. Rc1 Na7 26. Bf4=
1/2-1/2

[Event "Jan Timman Tournament"]
[Site "SchemingMind.com"]
[Date "2012.03.25"]
[Round "-"]
[White "clario"]
[Black "tabanli"]
[Result "1/2-1/2"]
[WhiteCountry "RSA"]
[BlackCountry "USA"]
[WhiteElo "2180"]
[WhiteRD "73"]
[BlackElo "2051"]
[BlackRD "98"]
[GameID "305992"]

1. d4 Nf6 2. c4 e6 3. Nc3 Bb4 4. Qc2 d5 5. cxd5 Qxd5 6. Nf3 Qf5 7. Qxf5 exf5 8. a3 Be7 9. Bf4 c6 10. e3 Nbd7
11. Bc4 Nb6 12. Ba2 O-O 13. O-O Bd7 14. Rfc1 Rfc8 15. Bg3 a5 16. Rc2 a4=
1/2-1/2

[Event "Jan Timman Tournament"]
[Site "SchemingMind.com"]
[Date "2012.03.25"]
[Round "-"]
[White "clario"]
[Black "l3aarrccaa,34"]
[Result "1/2-1/2"]
[WhiteCountry "RSA"]
[BlackCountry "LIE"]
[WhiteElo "2221"]
[WhiteRD "70"]
[BlackElo "2202"]
[BlackRD "95"]
[GameID "305993"]

1. d4 Nf6 2. c4 e6 3. Nc3 Bb4 4. Qc2 d5 5. cxd5 exd5 6. Bg5 h6 7. Bxf6 Qxf6 8. a3 Bxc3+ 9. Qxc3 c6 10. e3 O-O
11. Rc1 Be6 12. Ne2 b6 13. Nf4 Re8 14. Be2 Bf5 15. O-O a6 16. Bd3 Ra7 17. Qb3 Rb7 18. Rc3 Be4 19. Rfc1 Rd8 20. Qc2 Re7
21. Bxe4 dxe4 22. Qb3 Rb7 23. Rf1 Qg5 24. f3 Qf5 25. g4 Qg5 26. h3 exf3 27. Rxf3 Re8 28. Kg2 Ree7 29. d5 c5 30. Nh5 Nd7
31. d6 Re6 32. Rf5 Qh4 33. Nf4 Rf6 34. Qd5 Rb8 35. Rc2=
1/2-1/2

[Event "Jan Timman Tournament"]
[Site "SchemingMind.com"]
[Date "2012.03.25"]
[Round "-"]
[White "clario"]
[Black "NYNH"]
[Result "0-1"]
[WhiteCountry "RSA"]
[BlackCountry "USA"]
[WhiteElo "2221"]
[WhiteRD "70"]
[BlackElo "1996"]
[BlackRD "68"]
[GameID "305995"]

1. d4 Nf6 2. c4 e6 3. Nc3 Bb4 4. Qc2 O-O 5. a3 Bxc3+ 6. Qxc3 b6 7. Bg5 Bb7 8. f3 h6 9. Bh4 d5 10. e3 Nbd7
11. Nh3 c5 12. dxc5 bxc5 13. Bd3 Ne4 14. Rc1 Qxh4+ 15. g3 Qxh3 16. fxe4 dxe4 17. Bf1 Qf5 18. Be2 Ne5 19. Rd1 Rfd8 20. Rf1 Rxd1+
21. Kxd1 Rd8+ 22. Kc1 Nf3 23. Rh1 Qe5 24. Qxe5 Nxe5 25. Rd1 Rxd1+ 26. Kxd1 Nd3 27. b3 Kf8 28. Kd2 Ke7 29. Bxd3 exd3 30. Kxd3 Kd6
31. b4 a6 32. Kd2 cxb4 33. axb4 a5 34. bxa5 Kc5 35. Kd3 Ba6 36. g4 Bxc4+ 37. Ke4 Bd5+ 38. Kf4 Kb5 39. a6 Kxa6 40. Ke5 Kb5
41. Kd4 Bg2 42. Ke5 Kc5 43. h4 Bh3 44. Kf4 Kd5 45. Kf3 Bxg4+
0-1

[Event "Jan Timman Tournament"]
[Site "SchemingMind.com"]
[Date "2012.03.25"]
[Round "-"]
[White "Derek Price"]
[Black "clario"]
[Result "1/2-1/2"]
[WhiteCountry "ENG"]
[BlackCountry "RSA"]
[WhiteElo "2278"]
[WhiteRD "87"]
[BlackElo "2221"]
[BlackRD "70"]
[GameID "305996"]

1. c4 c5 2. Nf3 Nf6 3. Nc3 e6 4. g3 b6 5. Bg2 Bb7 6. O-O Be7 7. d4 cxd4 8. Qxd4 d6 9. b3 O-O 10. Rd1 Nbd7
11. e4 Qc8 12. Ba3 Nc5 13. Ne1 a6 14. Rac1 Qc7 15. Bb2 Rac8 16. Nd3 Rfd8 17. Rc2 Qb8 18. Qe3 Qa8 19. Nxc5 dxc5 20. Rcd2 Rxd2
21. Rxd2 Rd8 22. Rxd8+ Bxd8 23. Qe2 Nd7 24. f4 Be7 25. Bc1 Qc8 26. Be3 Nb8 27. Qd1 Nc6 28. Kf1 Nb4 29. Qd2 Bf6 30. a3 Nc6
31. e5 Be7 32. Qd3 h6 33. Ne4 Na5 34. Bd2 Nc6 35. Be3=
1/2-1/2

[Event "Jan Timman Tournament"]
[Site "SchemingMind.com"]
[Date "2012.03.25"]
[Round "-"]
[White "Buckaroo Bob"]
[Black "clario"]
[Result "0-1"]
[WhiteCountry "USA"]
[BlackCountry "RSA"]
[WhiteElo "2058"]
[WhiteRD "70"]
[BlackElo "2221"]
[BlackRD "70"]
[GameID "305997"]

1. Nf3 d5 2. d4 Nf6 3. c4 dxc4 4. e3 e6 5. Bxc4 c5 6. O-O a6 7. Bb3 Be7 8. Qe2 Nc6 9. Rd1 O-O 10. dxc5 Qc7
11. Nc3 Bd7 12. Bd2 Ne5 13. Nxe5 Qxe5 14. Ba4 Qxc5 15. Bxd7 Nxd7 16. Ne4 Qc2 17. f3 Rfd8 18. Rab1 Nf6 19. Ng3 Qa4 20. a3 Rac8
21. Be1 Rc2 22. Rxd8+ Bxd8 23. Qd3 Bb6 24. Ne2 Qc4 25. Qxc4 Bxe3+ 26. Kf1 Rxc4 27. Rd1 h5 28. Rd8+ Kh7 29. Nc3 Bc1 30. b3 Rc6
31. a4 Bf4 32. h3 Be5 33. Rd3 g5 34. Ke2 Kg6 35. g3 h4 36. gxh4 Nh5
0-1

[Event "Jan Timman Tournament"]
[Site "SchemingMind.com"]
[Date "2012.03.25"]
[Round "-"]
[White "Aadsje"]
[Black "clario"]
[Result "0-1"]
[WhiteCountry "NED"]
[BlackCountry "RSA"]
[WhiteElo "2206"]
[WhiteRD "64"]
[BlackElo "2247"]
[BlackRD "69"]
[GameID "305998"]

1. e4 c5 2. Nf3 d6 3. Bc4 Nf6 4. d3 Nc6 5. h3 e6 6. c3 d5 7. exd5 exd5 8. Bb5 Bd6 9. Qe2+ Be7 10. O-O O-O
11. Bf4 Nh5 12. Bh2 Bd6 13. Re1 Bxh2+ 14. Nxh2 Nf4 15. Qf3 Qf6 16. a4 Ne5 17. Qe3 Neg6 18. d4 c4 19. a5 Nh4 20. Qe7 Qxe7
21. Rxe7 Nhxg2 22. Ng4 Nh4 23. Kh2 a6 24. Ba4 Rd8 25. Nd2 Kf8 26. Ree1 h5 27. Ne3 Bxh3 28. Rh1 Be6 29. Kg3 Nhg6 30. Nf3 Ne2+
31. Kg2 Ke7 32. Bc2 Nef4+ 33. Kg3 Rh8 34. Bf5 Ne2+ 35. Kh2 Rae8 36. Ne5 Nxe5 37. dxe5 Bxf5 38. Nxf5+ Kf8 39. Rhe1 Nf4 40. Nd6 Re6
41. Re3 Nd3 42. f4 Nxf4 43. Rf1 g5 44. Nxb7 Ke7 45. Nc5 Rc6 46. Na4 Ke6 47. Rb1 Rb8 48. Rg1 Kf5 49. Nb6 Re8 50. Nd7 Re7
51. Nb6 h4 52. Rge1 Rc5 53. Rd1 Rxa5 54. Nc8 Re6 55. Ree1 Ra2 56. Nd6+ Kg6 57. Rd2 f6 58. Nc8 fxe5 59. Rc2 Ra5
0-1

[Event "Jan Timman Tournament"]
[Site "SchemingMind.com"]
[Date "2012.03.25"]
[Round "-"]
[White "tabanli"]
[Black "clario"]
[Result "0-1"]
[WhiteCountry "USA"]
[BlackCountry "RSA"]
[WhiteElo "2028"]
[WhiteRD "82"]
[BlackElo "2242"]
[BlackRD "70"]
[GameID "305999"]

1. d4 d5 2. c4 e6 3. Nc3 Bb4 4. Qa4+ Nc6 5. Nf3 Bd7 6. cxd5 Nxd4 7. Qd1 Nxf3+ 8. gxf3 Qe7 9. dxe6 fxe6 10. Qc2 O-O-O
11. Bd2 Nf6 12. O-O-O Bc6 13. Rg1 Kb8 14. Bh3 Bd6 15. f4 e5 16. e3 exf4 17. exf4 Nh5 18. Rde1 Qh4 19. Bg2 Bxg2 20. Rxg2 Bxf4
21. Bxf4 Nxf4 22. Rg3 Qxh2 23. Kb1 Qh6 24. Qe4 a6 25. Reg1 Rhe8 26. Qc4 Re7 27. Rg4 Nd3 28. f4 Qh2 29. R4g2 Re1+ 30. Rxe1 Qxg2
31. Re2 Qf1+ 32. Kc2 b5
0-1

[Event "Jan Timman Tournament"]
[Site "SchemingMind.com"]
[Date "2012.03.25"]
[Round "-"]
[White "l3aarrccaa,34"]
[Black "clario"]
[Result "0-1"]
[WhiteCountry "LIE"]
[BlackCountry "RSA"]
[WhiteElo "2202"]
[WhiteRD "95"]
[BlackElo "2221"]
[BlackRD "70"]
[GameID "306000"]

1. e4 c5 2. Nf3 d6 3. d4 cxd4 4. Nxd4 Nf6 5. Nc3 a6 6. Be3 e6 7. f3 b5 8. g4 h6 9. a3 Bb7 10. Qd2 Nbd7
11. O-O-O Rc8 12. Bd3 Ne5 13. Be2 d5 14. exd5 Nxd5 15. Nxd5 Bxd5 16. Bf4 Qc7 17. Rhe1 f6 18. b4 Bd6 19. Bg3 O-O 20. f4 Nc4
21. Bxc4 Qxc4 22. Qd3 Qa2 23. Kd2 Rc4 24. Re3 Rxb4 25. Nxe6 Rc8 26. Ke1 Rb1 27. Rxb1 Qxb1+ 28. Qd1 Qa2 29. Rd3 Bxe6 30. Rxd6 Rxc2
0-1

[Event "Jan Timman Tournament"]
[Site "SchemingMind.com"]
[Date "2012.03.25"]
[Round "-"]
[White "NYNH"]
[Black "clario"]
[Result "0-1"]
[WhiteCountry "USA"]
[BlackCountry "RSA"]
[WhiteElo "1996"]
[WhiteRD "68"]
[BlackElo "2221"]
[BlackRD "70"]
[GameID "306002"]

1. d4 d5 2. Nf3 g6 3. c4 dxc4 4. e4 b5 5. a4 c6 6. axb5 cxb5 7. b3 Nc6 8. bxc4 Bg7 9. Be3 Bg4 10. e5 b4
11. Be2 Qc7 12. O-O a5 13. Nbd2 h5 14. h3 Bc8 15. Ne4 Nh6 16. Qd2 Nf5 17. Bf4 O-O 18. Rfd1 Rd8 19. e6 Qa7 20. exf7+ Kxf7
21. Neg5+ Kg8 22. d5 a4 23. Qe1 Bxa1 24. Rxa1 Ncd4 25. Nxd4 Qxd4 26. Bd2 b3 27. Bc3 Qf4 28. Bd2 Qe5 29. Bc3 Nd4 30. Bd3 Qxg5
31. Bxd4 Bxh3 32. Qe4 Rf8 33. Qxg6+ Qxg6 34. Bxg6 Rf4 35. Bc5 Rg4 36. Bxh5 Rxg2+ 37. Kh1 b2 38. Rb1 a3 39. Bxa3 Rxa3
0-1